The Moses principle : (Record no. 2735)

MARC details
000 -LEADER
fixed length control field 00761cam a2200253 i 4500
001 - CONTROL NUMBER
control field 376163
003 - CONTROL NUMBER IDENTIFIER
control field GBCCL
005 - DATE AND TIME OF LATEST TRANSACTION
control field 20241126110438.0
008 - FIXED-LENGTH DATA ELEMENTS--GENERAL INFORMATION
fixed length control field 781207s1978 ilu 000 0beng
010 ## -
-- 78027498
020 ## - INTERNATIONAL STANDARD BOOK NUMBER
International Standard Book Number 0877885583
040 ## - CATALOGING SOURCE
Original cataloging agency DLC
Transcribing agency DLC
Modifying agency DLC
050 00 -
-- BS580.M6
-- B29 1978
082 00 - DEWEY DECIMAL CLASSIFICATION NUMBER
Classification number 253
Item number BAU
100 1# - MAIN ENTRY--PERSONAL NAME
Personal name Baughen, Michael A.
9 (RLIN) 5782
245 14 - TITLE STATEMENT
Title The Moses principle :
Remainder of title leadership and the venture of faith /
Statement of responsibility, etc. Michael Baughen.
260 ## - PUBLICATION, DISTRIBUTION, ETC.
Place of publication, distribution, etc. Wheaton, Ill :
Name of publisher, distributor, etc. H. Shaw,
Date of publication, distribution, etc. c1978.
300 ## - PHYSICAL DESCRIPTION
Extent 118 p. ;
Dimensions 21 cm.
600 00 - SUBJECT ADDED ENTRY--PERSONAL NAME
Personal name Moses
Titles and other words associated with a name (Biblical leader)
9 (RLIN) 5783
630 00 - SUBJECT ADDED ENTRY--UNIFORM TITLE
Uniform title Bible.
Name of part/section of a work Old Testament
Form subdivision Biography.
9 (RLIN) 5784
650 #0 - SUBJECT ADDED ENTRY--TOPICAL TERM
Topical term or geographic name entry element Christian life.
9 (RLIN) 183
906 ## - LOCAL DATA ELEMENT F, LDF (RLIN)
a 7
b cbc
c orignew
d 1
e ocip
f 19
g y-gencatlg
942 ## - ADDED ENTRY ELEMENTS (KOHA)
Source of classification or shelving scheme Dewey Decimal Classification
Koha item type Books
Koha issues (borrowed), all copies 6
Holdings
Withdrawn status Lost status Source of classification or shelving scheme Damaged status Not for loan Home library Current Library Shelving location Date acquired Total checkouts Full call number Barcode Date last seen Date last checked out Copy number Price effective from Koha item type
    Dewey Decimal Classification     GRACE BIBLE COLLEGE GRACE BIBLE COLLEGE Ministry & Mission 2017-09-13 2 253 BAU 001365 2025-05-01 2023-09-30 c.1 2017-09-13 Books
    Dewey Decimal Classification     GRACE BIBLE COLLEGE GRACE BIBLE COLLEGE Ministry & Mission 2017-09-13 4 253 BAU 001366 2025-05-01 2024-09-24 c.2 2017-09-13 Books
© Grace Bible College Library 2025